000 00982nam a22002537a 4500
999 _c17853
_d17825
003 EG-ScBUE
005 20201108121451.0
008 131212s1973 au f 000 0 eng d
017 _a3128/1973
040 _aEG-ScBUE
_bara
_erda
_cEG-ScBUE
_dEG-ScBUE
082 0 4 _a892.70995694
_bس و ا
_222
100 1 _aالسوافيري، كامل،
_eمؤلف.
_922222
245 1 2 _aالاتجاهات الفنية في الشعر الفلسطيني المعاصر /
_bالدكتور كامل السوافيري.
250 _aالطبعة الأولى.
264 1 _aالقاهرة :
_bمكتبة الأنجلو المصرية،
_c1973.
300 _a432 صفحة ؛
_c24 سم
336 _2rdacontent
_aنص
_btxt
337 _2rdamedia
_aبدون وسيط
_bn
338 _2rdacarrier
_aمجلد
_bnc
650 7 _aالشعر العربى
_xتاريخ ونقد
_yقرن 20
_zفلسطين.
_2BUEsh
_934630
653 _cJune2013
_bARALIT
655 _vReading book
_934232
942 _2ddc
_cBB